000
00311nam a22001457a 4500
003
SGT
020
_a
9789381082980
082
_a
345,JET
100
_a
JETHMALANI, RAM
245
_a
THE INDIAN PENAL CODE
260
_a
INDIA
_b
THOMSON REUTERS
300
_a
1478
650
_a
CRIMINAL LAW
942
_2
ddc
_c
BK
_0
2
999
_c
10180
_d
10180